Kvalifikačná dohoda podľa ust. par. 143 Zákonníka práce

Obsah kvalifikačnej dohody: druh kvalifikácie a spôsob jej zvyšovania, druhy nákladov, ktoré bude pracovník povinný uhradiť organizácii, ak nesplní svoj záväzok zotrvať u nej v pracovnom pomere, najvyššia celková suma, ktorú bude pracovník povinný uhradiť. Prevzatie povinnosti uhradiť náklady spojen...

Ausführliche Beschreibung

Gespeichert in:
Bibliographische Detailangaben
1. Verfasser: Rybárová, Mária
Format: Buchkapitel
Sprache:Slowakisch
Schlagworte:
Tags: Tag hinzufügen
Keine Tags, Fügen Sie das erste Tag hinzu!

MARC

LEADER 00000naa a2200000 4500
001 r019188
005 20221213100131.4
041 0 |a slo 
044 |a SK 
245 1 0 |a Kvalifikačná dohoda podľa ust. par. 143 Zákonníka práce  |c Mária Rybárová 
520 |a Obsah kvalifikačnej dohody: druh kvalifikácie a spôsob jej zvyšovania, druhy nákladov, ktoré bude pracovník povinný uhradiť organizácii, ak nesplní svoj záväzok zotrvať u nej v pracovnom pomere, najvyššia celková suma, ktorú bude pracovník povinný uhradiť. Prevzatie povinnosti uhradiť náklady spojené so zvyšovaním kvalifikácie. Situácie, pri vzniku ktorých povinnosť uhradiť náklady na zvyšovanie kvalifikácie zaniká. 
610 2 0 |a zákonník práce 
610 2 0 |a kvalifikácia 
610 2 0 |a zamestnanci 
610 2 0 |a organizácie 
610 2 0 |a náklady 
610 2 0 |a záväzky 
610 2 0 |a právo pracovné 
610 2 0 |a zvyšovanie kvalifikácie 
100 1 |a Rybárová, Mária